UBT Library

The perspectives of psychiatry / (Record no. 42173)

000 -LEADER
fixed length control field 00575cam a2200217 a 4500
001 - CONTROL NUMBER
control field 2822795
005 - DATE AND TIME OF LATEST TRANSACTION
control field 20180208090913.0
008 - FIXED-LENGTH DATA ELEMENTS--GENERAL INFORMATION
fixed length control field 830324s1983 mdu b 001 0 eng
010 ## - LIBRARY OF CONGRESS CONTROL NUMBER
LC control number 83006157
020 ## - INTERNATIONAL STANDARD BOOK NUMBER
International Standard Book Number 0801830397
040 ## - CATALOGING SOURCE
Original cataloging agency DLC
Transcribing agency DLC
Modifying agency DLC
041 ## - LANGUAGE CODE
Language code of text/sound track or separate title eng
080 ## - UNIVERSAL DECIMAL CLASSIFICATION NUMBER
Universal Decimal Classification number 616.890019
082 00 - DEWEY DECIMAL CLASSIFICATION NUMBER
Classification number 616.89001/9 PAU
Edition number 19
100 1# - Rafti
Rafti 49
101 ## - Shkurtesa
Shkurtesa PSI
245 14 - TITLE STATEMENT
Title The perspectives of psychiatry /
Statement of responsibility, etc Paul R. McHugh, Phillip R. Slavney.
504 ## - BIBLIOGRAPHY, ETC. NOTE
Bibliography, etc Bibliography: p. 149-155.
906 ## - LOCAL DATA ELEMENT F, LDF (RLIN)
a 7
b cbc
c orignew
d 1
e ocip
f 19
g y-gencatlg
942 ## - ADDED ENTRY ELEMENTS (KOHA)
Source of classification or shelving scheme
Item type Books
Holdings
Withdrawn status Lost status Source of classification or shelving scheme Damaged status Not for loan Collection code Permanent location Current location Shelving location Date acquired Total Checkouts Full call number Barcode Date last seen Price effective from Koha item type
          Koleksioni i përgjithshem UBT - Lipjan UBT - Lipjan Koleksioni i përgjithshem 02/08/2018   616.89001/9 PAU 002-2998825 02/08/2018 02/08/2018 Books
UBT Library © 2015-2024. All rights reserved University Education for Business and Technology